Coronavirus A-Z - Statistics

General Stats
  • This quiz has been taken 23 times
  • The average score is 20 of 26
Answer Stats
Letter Hint Answer % Correct
C US state with the most cases California
100%
J China started the first coronavirus lockdown in this month of 2020 January
95%
M Something that a face mask can cover Mouth
95%
A This type of infection does not show any symptoms Asymptomatic
91%
N Another thing that a face mask can cover Nose
91%
V US state with the fewest cases (excluding territories) Vermont
91%
W City where COVID-19 first broke out Wuhan
91%
H Stay ______ Home
86%
P Many events have been canceled or ______ due to COVID Postponed
86%
Q What you have to do for at least 14 days when you go to another country Quarantine
86%
Z The "index case" is also called "Patient ______" Zero
86%
D COVID-19 is a ______ Disease
82%
I This has helped a lot of people continue working despite being stuck inside Internet
82%
L Save ______ Lives
82%
E One way to contact other people in the times of COVID Email
77%
G Something that you might want to play when stuck inside Games
77%
B Many businesses went ______ beacuse of COVID Bankrupt
73%
F The first sign that you caught the coronavirus Fever
73%
K The northern part of this peninsula claims no cases Korea
73%
Y Some people do this to relax themselves in COVID times Yoga
73%
X You might need to have this when you go to the hospital for COVID treatment X-ray
68%
R A person is said to have ______ if they got COVID and survived it Recovered
64%
S A ______ in cases means a huge increase of cases Surge
64%
T Contact ______ is the process of identifying close contacts of an infected person Tracing
59%
U This is higher than ever when it comes to predicting the future Uncertainty
50%
O Everyone is working ______ in the times of COVID Online
36%
No matching quizzes found
Score Distribution
Percent of People with Each Score
Percentile by Number Answered
Your Score History
You have not taken this quiz